Sú daňové raje škodlivé alebo je vhodnejšie hovoriť len o legálnych offshores príležitostiach

Ekonomické aspekty daňových rajov. Faktory na určenie daňových rajov. Vymedzenie pojmu daňové raje. Krajiny s tzv. škodlivými zvýhodňujúcimi daňovými režimami. Niektoré právne aspekty problematiky. Vybrané aktivity a odporúčania niektorých medzinárodných organizácií v tejto problematike. V prílohe s...

Description complète

Enregistré dans:
Détails bibliographiques
Auteur principal: Štofová, Zuzana
Format: Chapitre de livre
Langue:slovaque
Sujets:
Tags: Ajouter un tag
Pas de tags, Soyez le premier à ajouter un tag!

MARC

LEADER 00000naa a2200000 4500
001 r043550
005 20230929120141.5
041 0 |a slo 
044 |a SK 
245 1 0 |a Sú daňové raje škodlivé alebo je vhodnejšie hovoriť len o legálnych offshores príležitostiach  |c Zuzana Štofová 
520 |a Ekonomické aspekty daňových rajov. Faktory na určenie daňových rajov. Vymedzenie pojmu daňové raje. Krajiny s tzv. škodlivými zvýhodňujúcimi daňovými režimami. Niektoré právne aspekty problematiky. Vybrané aktivity a odporúčania niektorých medzinárodných organizácií v tejto problematike. V prílohe sú uvedené Klasifikované zoznamy lokalít. 
610 2 0 |a offshore 
610 2 0 |a dane 
610 2 0 |a prázdniny 
610 2 0 |a oslobodenie od daní 
610 2 0 |a úpravy právne 
610 2 0 |a OECD 
610 2 0 |a Európa 
610 2 0 |a svet 
100 1 |a Štofová, Zuzana